000 00589nam a2200181Ia 4500
003 GCL
008 140319s9999 xx 000 0 ara d
040 _aGCL /
_cGCL
082 0 4 _a189
_bا ا
100 1 _aالرازى ، فخر الدين
245 1 0 _aالمطالب العالية من العلم الالهى /
_cالرازى ، فخر الدين
700 1 _aاحمد حجازى احمد السقا
260 _a[S.N] :
_bدار الكتاب العربى ،
_c1987
490 _a
650 0 4 _aالفلسفة الاسلامية
650 0 4 _aالفلسفة
942 _2ddc
_cBK
999 _c35224
_d35224